Tiere aus Bildern - Statistiken

Allgemein
  • Dieses Quiz wurde 1.529 mal gespielt
  • Das Durchschnittsergebnis liegt bei 14 aus 16
Antwortstatistiken
Bildquiz Antwort % Korrekt
Löwe
100%
Biene
99%
Seestern
99%
Nilpferd
98%
Pfau
98%
Strauß
97%
Delfin
96%
Luchs
94%
Schwertwal
93%
Geier
90%
Hammerhai
90%
Kleiner Panda
87%
Chamäleon
86%
Tukan
76%
Yak
69%
Dingo
38%
Keine übereinstimmenden Quizze gefunden
Verteilung der Resultate
Anzahl Personen mit jedem Resultat
Perzentil nach korrekt beantworteten Fragen
Ihre Resultats-Entwicklung
Sie haben dieses Quiz noch nicht gespielt